Él escogió los clavos (Registro nro. 2029)

Detalles MARC
000 -LEADER
fixed length control field 01912nam a22002057a 4500
003 - CONTROL NUMBER IDENTIFIER
control field OSt
005 - DATE AND TIME OF LATEST TRANSACTION
control field 20260326102140.0
008 - FIXED-LENGTH DATA ELEMENTS--GENERAL INFORMATION
fixed length control field 260326b |||||||| |||| 00| 0 esp d
082 ## - DEWEY DECIMAL CLASSIFICATION NUMBER
Edition number 0789918250
100 ## - MAIN ENTRY--PERSONAL NAME
Personal name Max Lucado
245 ## - TITLE STATEMENT
Title Él escogió los clavos
250 ## - EDITION STATEMENT
Edition statement 1ra edicion
260 ## - PUBLICATION, DISTRIBUTION, ETC.
Place of publication, distribution, etc. miami
Name of publisher, distributor, etc. Editorial Unilit / Spanish House
Date of publication, distribution, etc. 2011
300 ## - PHYSICAL DESCRIPTION
Extent 224 páginas.
Other physical details papel bond económico,
Dimensions 10.8 x 1.3 x 17.1 cm
490 ## - SERIES STATEMENT
Materials specified Tapa blanda
520 ## - SUMMARY, ETC.
Summary, etc. El simbolismo de los objetos<br/>Cada capítulo toma un elemento de la Pasión y explica qué significa para nosotros hoy:<br/>Los clavos: Representan el perdón de los pecados. Lucado explica que Dios no solo clavó las manos de Jesús, sino también nuestra "lista de deudas" pendientes.<br/>La corona de espinas: Simboliza que Jesús llevó sobre sí nuestros pensamientos pecaminosos, la ansiedad y el orgullo.<br/>La túnica (sin costura): Refleja la integridad de Cristo y cómo Él nos viste con su justicia, en lugar de nuestros propios "trapos" sucios.<br/>El letrero (INRI): Demuestra que el mensaje de Dios es para todos los idiomas y naciones, sin exclusión.<br/>Una invitación personal<br/>El tema central es que Dios tuvo el control en todo momento. Lucado argumenta que Jesús no fue una víctima de las circunstancias; Él "escogió" los clavos. Pudo haberse bajado de la cruz, pero se quedó allí por amor.<br/>El enfoque de la "Serie Favoritos"<br/>Como esta edición pertenece a la serie Favoritos, el lenguaje es sumamente sencillo, directo y lleno de anécdotas cotidianas que hacen que la teología sea fácil de entender para cualquier lector.
650 ## - SUBJECT ADDED ENTRY--TOPICAL TERM
Topical term or geographic name entry element Término: Jesucristo — Pasión. Término alternativo: Vida cristiana. Nombre geográfico (si aplica): Jerusalén.
General subdivision Subdivisión: — Aspectos religiosos — Cristianismo. Subdivisión de forma: — Meditaciones
Chronological subdivision Periodo: — Siglo I
700 ## - ADDED ENTRY--PERSONAL NAME
Personal name Lucado, Max.
942 ## - ADDED ENTRY ELEMENTS (KOHA)
Source of classification or shelving scheme Dewey Decimal Classification
Koha item type Libros
Suppress in OPAC No
Existencias
Withdrawn status Lost status Source of classification or shelving scheme Damaged status Not for loan Collection Home library Current library Shelving location Date acquired Source of acquisition Coded location qualifier Inventory number Total checkouts Full call number Barcode Date last seen Copy number Price effective from Koha item type
    Dewey Decimal Classification     Estantería F Fila 2 Biblioteca Stanford Biblioteca Stanford Biblioteca Abierta 26.03.2026 PSICOLOGIA 0457 0457   LECTURA BIBLIO0457 26.03.2026 1 26.03.2026 Acceso Libre
Bienvenido a nuestra Biblioteca